|
|
|
|
| LEADER |
00000cam a2200000 a 4500 |
| 001 |
vtls001467180 |
| 003 |
SK-MaSNL |
| 005 |
20260302015340.0 |
| 008 |
250312s1974 xr 000 0 cze |
| 035 |
|
|
|a SNK000422485
|
| 035 |
|
|
|a urn:nbn:sk:snk-am3hfxf
|
| 035 |
|
|
|a 5B38B588-EC53-446A-917A-3D4878019FB5
|
| 035 |
|
|
|a urn:nbn:sk:snk-am00cyxj
|
| 040 |
|
|
|a SNK
|b slo
|c SNK
|e AACR2
|
| 041 |
0 |
|
|a cze
|
| 044 |
|
|
|a xr
|c CZ
|
| 080 |
|
|
|a 355.483(437.326)"1945"
|2 1981
|
| 100 |
1 |
|
|a Březina, Alfons
|4 aut
|9 660989
|
| 245 |
1 |
0 |
|a Muzeum ostravské operace, Zámek Kravaře
|c Alfons Březina, Oldřich Šnajdr
|
| 250 |
|
|
|a 2. vyd.
|
| 260 |
|
|
|a Ostrava
|b Profil
|c 1974
|
| 300 |
|
|
|a 34 s.,[19] s. fotogr. príl.
|b ilustr.
|c 16 x 21 cm
|
| 366 |
|
|
|e 1000 výtl.
|
| 610 |
2 |
7 |
|a Muzeum Ostravské operaca (Kravaře, Česko)
|2 SNK
|9 660990
|
| 650 |
0 |
7 |
|a ostravská operácia (1945)
|2 SNKPH
|9 54920
|
| 650 |
0 |
7 |
|a druhá svetová vojna (1939-1945)
|2 SNKPH
|9 169657
|
| 651 |
|
7 |
|a Ostrava (Česko)
|2 SNKPH
|9 202882
|
| 700 |
1 |
|
|a Šnajdr, Oldřich
|4 aut
|9 378247
|
| 852 |
|
|
|a Slovenská národná knižnica
|
| 958 |
|
|
|a OND
|
| 999 |
|
|
|c 1020739
|d 1022669
|
| 952 |
|
|
|t P60, <04>, [BOOK], {604}
|a SNK
|b SNK
|y VYP
|7 0
|p 17A0409419
|o snkSE 5880 D1
|i snkKIP 7706/74
|0 0
|1 0
|4 0
|d 2004-01-28
|l 0
|r 2005-01-02 00:00:00
|w 2026-02-24
|
| 952 |
|
|
|a SNK
|b SNK
|y PREZ
|7 0
|p 17A0768230
|o snkSE 5880
|0 0
|1 0
|4 0
|d 2011-11-09
|f 1
|l 0
|r 2026-02-24 13:22:49
|w 2026-02-24
|